Slovenská Ľupča Nádražná ulica

Zobrazenie: Pohľad na ulicu, ktorá je po oboch stranách lemovaná domami. Na druhom dome zľava je vývesný štít s nápisom "Petko obuvník". Vpravo rad domov začína dreveným plotom

Bibliographic Details
Format: Photo
Language:Slovak
PhysicalDescription:1 pohľadnica kolorovaná 9 x 14 cm
Published: V Slovenskej Ľupči Viliam Piaček, trafikant [1933?]
Subjects:

MARC

LEADER 00000nkm a2200000 a 4500
001 vtls011782192
003 SK-MaSNL
005 20260301142825.0
007 kf ho
008 240703q1933 xo g kuslo
015 |a SNBG1933 
035 |a urn:nbn:sk:snk-km00dpkj 
035 |a urn:nbn:sk:snk-km3lxq1 
035 |a F6DF4DFF-9FA0-42DA-AA29-3207CF31A277 
040 |a SNK  |b slo  |c SNK  |e AACR2 
041 0 |a slo 
043 |a e-xo--- 
044 |a xo  |c SK 
072 7 |a 913  |x Regionálna geografia  |2 konspekt 
080 |a 913(437.6)  |2 2011 
080 |a 711.73  |2 2011 
080 |a (084.121)  |2 2011 
245 0 0 |a Slovenská Ľupča  |h grafika  |b Nádražná ulica 
260 |a V Slovenskej Ľupči  |b Viliam Piaček, trafikant  |c [1933?] 
300 |a 1 pohľadnica  |b kolorovaná  |c 9 x 14 cm 
500 |a Názvové údaje prevzaté z obrazovej časti pohľadnice 
520 8 |a Zobrazenie: Pohľad na ulicu, ktorá je po oboch stranách lemovaná domami. Na druhom dome zľava je vývesný štít s nápisom "Petko obuvník". Vpravo rad domov začína dreveným plotom 
650 0 7 |a ulice  |2 SNKPH  |9 2938 
651 7 |a Slovenská Ľupča (Slovensko)  |2 SNKPHgeo  |9 27949 
655 7 |a miestne pohľadnice  |2 SNKPH  |9 70510 
752 |a Slovensko  |d Slovenská Ľupča 
852 |a Slovenská národná knižnica 
958 |a EUIPO 
958 |a GBN 
958 |a GC 
958 |a OND 
999 |c 771613  |d 773543 
952 |a SNK  |b SNK  |y PREZ  |7 0  |p 17A1224219  |o snkSP 21601  |z Pohľadnica prešla poštou.  |0 0  |1 0  |4 0  |d 2018-10-02  |f 1  |l 0  |r 2026-02-24 00:37:21  |w 2026-02-24